000 01365nmc a2200457 a 4500
003 AR-BaBNM
005 20251128205610.0
008 011101s1996 ||||||||||||||000 | spa||
020 _a950808085-X
040 _cAR-BaBNM
245 1 0 _aEducación artística y CBC
_btalleres de plástica, música, teatro y expresión corporal : nivel inicial y EGB
260 _aRosario
_bHomo Sapiens Ediciones
_c1996
300 0 _a145 p.
_bil.,diagr.
490 0 _aEducación
504 _aBibliografía pp. 144-145
650 4 _aEDUCACION ARTISTICA
650 4 _aTECNICAS DE ENSENANZA
650 4 _aARTES PLASTICAS
650 4 _aMUSICA
650 4 _aTEATRO
650 4 _aCOMUNICACION
650 4 _aCREATIVIDAD
650 4 _aDOCENTES
650 4 _aTEORIAS PSICOLOGICAS
651 4 _aArgentina
653 0 _aNIVEL INICIAL
653 0 _aTALLERES EDUCATIVOS
653 0 _aEXPRESION CORPORAL
653 0 _aLENGUAJES ARTISTICOS
653 0 _aCONTENIDOS TRANSVERSALES
653 0 _aPROYECTO INSTITUCIONAL
653 0 _aACTIVIDADES PRACTICAS
653 0 _aEDUCACION GENERAL BASICA
700 1 _aMuñoz de Paronzini, Palmira
700 1 _aAimeri de Panero, Norma A.
700 1 _aIsla de Colombo, María Susana
700 1 _aFassero de Alfonso, Mónica
800 1 _aAvendaño, Fernando Carlos
_edirector
942 _cBK
998 _carturo
999 _c12074
_d12074